Learning Resource and Development

The blended on the job training of bachelor of science in tourism management students in Camarines Sur Polytechnic Colleges / (Record no. 26010)

MARC details
000 -LEADER
fixed length control field 01263nam a22003017a 4500
005 - DATE AND TIME OF LATEST TRANSACTION
control field 20230830111957.0
008 - FIXED-LENGTH DATA ELEMENTS--GENERAL INFORMATION
fixed length control field 230830b |||||||| |||| 00| 0 eng d
040 ## - CATALOGING SOURCE
Original cataloging agency CSPC LIBRARY
090 ## - LOCALLY ASSIGNED LC-TYPE CALL NUMBER (OCLC); LOCAL CALL NUMBER (RLIN)
Classification number (OCLC) (R) ; Classification number, CALL (RLIN) (NR) UTH BSTM Am13b 2022
100 ## - MAIN ENTRY--PERSONAL NAME
Personal name Amaro, Analiza SC.,
Relator term author.
245 ## - TITLE STATEMENT
Title The blended on the job training of bachelor of science in tourism management students in Camarines Sur Polytechnic Colleges /
Statement of responsibility, etc. by Analiza SC. Amaro, Jeanny F. Baal, Darlene J. Florin and Ma. Theresa Joy H. Saremo.
264 ## - PRODUCTION, PUBLICATION, DISTRIBUTION, MANUFACTURE, AND COPYRIGHT NOTICE
Place of production, publication, distribution, manufacture Nabua, Camarines Sur :
Name of producer, publisher, distributor, manufacturer Camarines Sur Polytechnic Colleges,
Date of production, publication, distribution, manufacture, or copyright notice 2022.
300 ## - PHYSICAL DESCRIPTION
Extent xv, 94 leaves :
Other physical details tables ;
Dimensions 28 cm.
Accompanying material + accompanying material
336 ## - CONTENT TYPE
Source rdacontent
Content type term text
337 ## - MEDIA TYPE
Source rdamedia
Media type term unmediated
338 ## - CARRIER TYPE
Source rdacarrier
Carrier type term volume
502 ## - DISSERTATION NOTE
Dissertation note Undergraduate Thesis (BSTM) - Tourism Management.
Name of granting institution Camarines Sur Polytechnic Colleges, 2022.
650 ## - SUBJECT ADDED ENTRY--TOPICAL TERM
Topical term or geographic name entry element Training.
700 ## - ADDED ENTRY--PERSONAL NAME
Personal name Baal, Jeanny F.,a
Relator term author.
700 ## - ADDED ENTRY--PERSONAL NAME
Personal name Florin, Darlene J.,
Relator term author.
700 ## - ADDED ENTRY--PERSONAL NAME
Personal name saremo, Ma. Theresa Joy H.,
Relator term author.
700 ## - ADDED ENTRY--PERSONAL NAME
Personal name Villar, Lynn C.,
Relator term panelist.
700 ## - ADDED ENTRY--PERSONAL NAME
Personal name Bulalacao, Rosalie B.,
Relator term panelist.
700 ## - ADDED ENTRY--PERSONAL NAME
Personal name Sotero, Maria Luisa O.,
Relator term panelist
700 ## - ADDED ENTRY--PERSONAL NAME
Personal name Frongoso, Mary Jane B.,
Relator term adviser.
942 ## - ADDED ENTRY ELEMENTS (KOHA)
Source of classification or shelving scheme Dewey Decimal Classification
Koha item type Unpublished Materials
Suppress in OPAC No
Holdings
Withdrawn status Lost status Source of classification or shelving scheme Damaged status Not for loan Home library Current library Shelving location Date acquired Total Checkouts Full call number Barcode Date last seen Copy number Price effective from Koha item type
    Dewey Decimal Classification   Not For Loan Main Library Main Library Undergraduate Thesis Section 08/30/2023   UTH BSTM Am13b 2022 006012UM 08/30/2023 1-1 08/30/2023 Unpublished Materials